Teatro II / (Record no. 56705)

MARC details
000 -LEADER
campo de control de longitud fija 00845nam a2200193 i 4500
001 - NÚMERO DE CONTROL
campo de control 56705
003 - IDENTIFICADOR DE NÚMERO DE CONTROL
campo de control ES-MaACL
005 - FECHA Y HORA DE LA ÚLTIMA TRANSACCIÓN
campo de control 20230906163429.0
007 - CAMPO FIJO DE DESCRIPCIÓN FÍSICA--INFORMACIÓN GENERAL
campo de control de longitud fija t|
008 - DATOS DE LONGITUD FIJA--INFORMACIÓN GENERAL
campo de control de longitud fija 031013s1981 sp ||||1| spa d
100 1# - ENTRADA PRINCIPAL--NOMBRE DE PERSONA
Nombre de persona Dieste, Rafael.
9 (RLIN) 44614
245 10 - MENCIÓN DEL TÍTULO
Título Teatro II /
Mención de responsabilidad, etc. Rafael Dieste ; edición, estudio introductorio y notas de Manuel Aznar Soler.
250 ## - MENCION DE EDICION
Mención de edición [1ª ed.].
260 ## - PUBLICACIÓN, DISTRIBUCIÓN, ETC.
Lugar de publicación, distribución, etc. Barcelona :
Nombre del editor, distribuidor, etc. Laia,
Fecha de publicación, distribución, etc. 1981.
300 ## - DESCRIPCIÓN FÍSICA
Extensión 182 p. ;
Dimensiones 19 cm.
505 8# - NOTA DE CONTENIDO CON FORMATO
Nota de contenido con formato Contiene: El teatro de Rafael Dieste durante la guerra civil. El amanecer : comedia en un acto. Nuevo retablo de las maravillas : mascarada en un acto. El moro leal. Farsa infantil de la fiera risueña. El falso faquir. El empresario pierde la cabeza. Curiosa muerte burlada. La doncella guerrera
700 1# - ENTRADA AGREGADA--NOMBRE PERSONAL
Nombre de persona Aznar Soler, Manuel.
9 (RLIN) 24318
852 ## - LOCALIZACIÓN
Ubicación ES-MaACL
Número de control de estantería L-1732
Sublocalización o colección R.102362
Holdings
Estatus retirado Estado de pérdida Estado de daño No para préstamo Biblioteca de origen Biblioteca actual Ubicación en estantería Fecha de adquisición Fuente de adquisición Total de préstamos Signatura topográfica completa Código de barras Visto por última vez Precio de reemplazo Tipo de ítem Koha
        Biblioteca del Ateneo de Madrid Biblioteca del Ateneo de Madrid Depósito 2 17/01/2008     L-1732 1059546 23/02/2023 23/02/2023 Libro impreso